|
|
|
|
| LEADER |
01193nam a2200277 a 4500 |
| 001 |
GR-Patra7071 |
| 008 |
991022s xxk 000 b eng d |
| 020 |
|
|
|a 0104572064
|
| 040 |
|
|
|a GrPaTEI
|b gre
|c GR-PaULI
|
| 245 |
0 |
2 |
|a A handbook of commercial correspondence.
|
| 250 |
|
|
|a 2nd ed.
|
| 260 |
|
|
|a Oxford :
|b Oxford University Press,
|c c1992
|
| 300 |
|
|
|a 297σ.
|
| 650 |
|
0 |
|a COMMERCIAL CORRESPONDENCE
|
| 650 |
|
0 |
|a Communication
|
| 650 |
|
4 |
|a ΕΜΠΟΡΙΚΗ ΑΛΛΗΛΟΓΡΑΦΙΑ
|
| 650 |
|
4 |
|a ΕΜΠΟΡΙΚΗ ΑΛΛΗΛΟΓΡΑΦΙΑ
|
| 650 |
|
4 |
|a Επικοινωνία
|
| 650 |
|
4 |
|a ΗΛΕΚΤΡΟΝΙΚΗ ΑΛΛΗΛΟΓΡΑΦΙΑ
|
| 700 |
1 |
|
|a Ashley, A.
|
| 710 |
0 |
|
|a Oxford University Press
|
| 942 |
|
|
|2 ddc
|
| 952 |
|
|
|0 0
|1 0
|2 ddc
|4 0
|6 808_066651000000000_ASH
|7 1
|9 288365
|a LISK
|b LISK
|c BSC
|d 2021-01-17
|e 24
|f 0
|g 0.00
|l 0
|o 808.066651 ASH
|p 92410011722
|r 2021-01-17 00:00:00
|t 1
|w 2021-01-17
|y BKN
|x 19991024 0 0
|x GrPaTEI
|
| 952 |
|
|
|0 0
|1 0
|2 ddc
|4 0
|6 808_066651000000000_ASH
|7 1
|9 288366
|a LISK
|b LISK
|c BSC
|d 2021-01-17
|e 24
|f 0
|g 0.00
|l 0
|o 808.066651 ASH
|p 9241009933
|r 2021-01-17 00:00:00
|t 1
|w 2021-01-17
|y BKN
|x 19991024 0 0
|x GrPaTEI
|
| 971 |
|
|
|a .b2654586x
|b 15-04-20
|c 23-09-16
|
| 999 |
|
|
|c 168194
|d 168194
|